000 00248nam a2200097Ia 4500
001 819628
005 20250826171816.0
008 250824s9999 xx 000 0 und d
245 0 _aENGELSİZ MASALLAR
_cAYŞEGÜL SÖZEN DAĞ
260 _bCEZVE YAYINLARI
999 _c819628
_d819628